• 首页
  • 本馆介绍
  • 公告通知
  • 最新文献
  • 馆藏检索
  • 电子资源
  • 读者导购
  • 参考咨询
  • 我的图书馆
  • 登录
  • 详细信息显示
  • 放入我的书架
  • 预约/预借图书
  • 作者相关作品
  • 分类相关作品
  • 丛书相关作品
  • 出版社相关作品

书目信息

  • 表格格式
  • 工作单格式
  • 卡片格式
题名:
概率论与数理统计
    
 
作者: 王保贵 主编
分册:  
出版信息: 北京   科学出版社  2015
页数: 337页
开本: 24cm
丛书名: 工科大学数学类基础课程系列教材
单 册:
中图分类: O211-43 , O212-43
科图分类:
主题词: 概率论--gai lv lun--高等学校--教材 , 数理统计--shu li tong ji--高等学校--教材
电子资源:
ISBN: 978-7-03-045082-1
000 01346nam 2200289 450
001 012001000015
005 20131104145808.0
010    @a978-7-03-045082-1@dCNY39.00
099    @aCAL 012015103619
100    @a20150915d2015 ekmy0chiy50 ea
101 0  @achi
102    @aCN@b110000
105    @aa z 000yy
106    @ar
200 1  @a概率论与数理统计@Agai lv lun yu shu li tong ji@f主编王保贵
210    @a北京@c科学出版社@d2015
215    @a337页@c图@d24cm
225 2  @a工科大学数学类基础课程系列教材@Agong ke da xue shu xue lei ji chu ke cheng xi lie jiao cai
330    @a本书主要内容是概率论的基本概念、随机变量及其分布、多维随机变量及其分布、随机变量的数字特征、大数定律及中心极限定理、样本及抽样分布、参数估计、假设检验、方差分析及回归分析等九章,书末有习题答案。本书主要内容是概率论的基本概念、随机变量及其分布、多维随机变量及其分布、随机变量的数字特征、大数定律及中心极限定理、样本及抽样分布、参数估计、假设检验、方差分析及回归分析等九章,书末有习题答案。
333    @a本书可作为高等工科院校工程数学“概率论与数理统计”课程的教材和教学参考书。
606 0  @a概率论@Agai lv lun@x高等学校@j教材
606 0  @a数理统计@Ashu li tong ji@x高等学校@j教材
690    @aO211-43@v5
690    @aO212-43@v5
701  0 @a王保贵@Awang bao gui@4主编
801  0 @aCN@b北京卓展文化@c20191020
905    @b1195048-50@dO211-43@e416@f3
    
    概率论与数理统计/主编王保贵.-北京:科学出版社,2015
    337页:图;24cm.-(工科大学数学类基础课程系列教材)
    使用对象:本书可作为高等工科院校工程数学“概率论与数理统计”课程的教材和教学参考书。
    
    ISBN 978-7-03-045082-1:CNY39.00
    本书主要内容是概率论的基本概念、随机变量及其分布、多维随机变量及其分布、随机变量的数字特征、大数定律及中心极限定理、样本及抽样分布、参数估计、假设检验、方差分析及回归分析等九章,书末有习题答案。本书主要内容是概率论的基本概念、随机变量及其分布、多维随机变量及其分布、随机变量的数字特征、大数定律及中心极限定理、样本及抽样分布、参数估计、假设检验、方差分析及回归分析等九章,书末有习题答案。
●
相关链接 在E读中查询图书 在五车中查询图书 在当当中查询图书 在豆瓣中查询图书


正题名:概率论与数理统计     索取号:O211-43/416         预约/预借

序号 登录号 条形码 馆藏地/架位号 状态 备注
1 1195048   211950487   第二样本阅览室/ [索取号:O211-43/416] 在馆    
2 1195049   211950496   第三借阅区/ [索取号:O211-43/416] 在馆    
3 1195050   211950502   第三借阅区/ [索取号:O211-43/416] 在馆    
唐山师范学院图书馆 欢迎您!
大连网信软件有限公司© 版权所有